000 00845nam a2200277 i 4500
001 bg
100 1 _aYOUNG, Michael J.
245 1 0 _aXML krok po kroku /
_cMichael J. Young ; [tł. Ewa Hadała-Mikołajczuk, Witold Hrycyk, Katarzyna Tryc].
246 _iTyt. oryg.:
_aXML step by step
260 _aWarszawa :
_b"RM",
_c2000.
300 _aXVI, 318, [1] s. ;
_c24 cm +
_eCD ROM.
490 1 _aKrok po Kroku
500 _aTyt. oryg.: "XML step by step" 1999.
504 _aIndeks.
650 9 _aXML
655 _aPodręczniki
830 _aKrok po Kroku
020 _a8372431345
040 _cBPK
041 1 _apl
_hen
080 _a004.438A/Z:004.738.52](07)
920 _a83-7243-134-5
942 _cKS
008 s pl f |000 0 pol
999 _c39879
_d39879
856 _uhttp://koha.tu.koszalin.pl/cgi-bin/koha/opac-detail.pl?biblionumber=39879
_yKatalog online BPK